[Event "ITA-ch U20"]
[Site "Porto San Giorgio"]
[Date "2013.08.25"]
[Round "5"]
[White "Fagnani, Alessandro"]
[Black "Basso, Pier Luigi"]
[Result "1/2-1/2"]
[WhiteElo "2039"]
[BlackElo "2208"]
[PlyCount "40"]
[EventDate "2013.08.21"]
[EventType "swiss"]
[EventRounds "9"]
[EventCountry "ITA"]
[SourceTitle "EXT 2015"]
[Source "ChessBase"]
[SourceDate "2014.11.20"]
[SourceVersion "1"]
[SourceVersionDate "2014.11.20"]
[SourceQuality "1"]

1. e4 c5 2. Nf3 Nc6 3. d4 cxd4 4. Nxd4 Nf6 5. Nc3 e5 6. Ndb5 d6 7. Nd5 Nxd5 8. exd5 Nb8 9. c4 a6 10. Nc3 g6 11. Be3 f5 12. f4 Bh6 13. Qd2 0-0 14. 0-0-0 Nd7 15. h4 b5 16. h5 exf4 17. Bxf4 g5 18. Bxd6 Rf6 19. c5 g4 20. Bf4 Bxf4 1/2-1/2

[Event "ITA-ch sf 73rd"]
[Site "Civitanova Marche"]
[Date "2013.07.26"]
[Round "7"]
[White "Fagnani, Alessandro"]
[Black "Xia, Jie"]
[Result "0-1"]
[WhiteElo "2039"]
[BlackElo "2287"]
[PlyCount "86"]
[EventDate "2013.07.20"]
[EventType "swiss"]
[EventRounds "9"]
[EventCountry "ITA"]
[SourceTitle "EXT 2015"]
[Source "ChessBase"]
[SourceDate "2014.11.20"]
[SourceVersion "1"]
[SourceVersionDate "2014.11.20"]
[SourceQuality "1"]

1. e4 c5 2. Nf3 Nc6 3. d4 cxd4 4. Nxd4 g6 5. Nc3 Bg7 6. Be3 Nf6 7. Bc4 0-0 8. Bb3 d6 9. f3 Bd7 10. Qd2 Qa5 11. 0-0-0 Rfc8 12. h4 Ne5 13. Bg5 Nc4 14. Qd3 Ne5 15. Qd2 Rc5 16. Bxf6 exf6 17. h5 Rac8 18. hxg6 hxg6 19. Nd5 Qxd2+ 20. Rxd2 Kf8 21. Ne3 a5 22. Bd5 b6 23. f4 Ng4 24. Nc4 Rxc4 25. Bxc4 Rxc4 26. b3 Rc5 27. Nf3 Bc6 28. Rxd6 Bxe4 29. c4 b5 30. Rd8+ Ke7 31. Rhd1 Rc7 32. Rg8 Bh6 33. Rdd8 Bxf4+ 34. Kb2 f5 35. g3 Be3 36. Rge8+ Kf6 37. Rd6+ Kg7 38. Nd2 Bxd2 39. Rxd2 bxc4 40. bxc4 Rxc4 41. Rb8 Rc5 42. Rb3 Ne5 43. Re2 Nd3+ 0-1

[Event "ITA-ch sf 72nd"]
[Site "Civitanova Marche"]
[Date "2012.07.17"]
[Round "4"]
[White "Caprio, Guido"]
[Black "Fagnani, Alessandro"]
[Result "1-0"]
[WhiteElo "2430"]
[BlackElo "1981"]
[PlyCount "47"]
[EventDate "2012.07.15"]
[EventType "swiss"]
[EventRounds "9"]
[EventCountry "ITA"]
[SourceTitle "EXT 2013"]
[Source "ChessBase"]
[SourceDate "2012.11.22"]
[SourceVersion "1"]
[SourceVersionDate "2012.11.22"]
[SourceQuality "1"]

1. d4 d5 2. c4 e6 3. Nf3 Nf6 4. Nc3 Nbd7 5. cxd5 exd5 6. Bg5 c6 7. e3 Be7 8. Bd3 0-0 9. Qc2 g6 10. 0-0 Nh5 11. Bh6 Re8 12. h3 Ndf6 13. Ne5 Ng7 14. g4 Bd6 15. f4 Bxg4 16. hxg4 Bxe5 17. fxe5 Nxg4 18. Bf4 Qh4 19. Qg2 Nh5 20. Be2 f5 21. exf6 Nhxf6 22. Rf3 g5 23. Be5 Ne4 24. Nxe4 1-0

[Event "Mirandola Giovanni Pico 3rd"]
[Site "Mirandola"]
[Date "2010.01.16"]
[Round "3"]
[White "Fagnani, Alessandro"]
[Black "Malago, Federico"]
[Result "0-1"]
[WhiteElo "1824"]
[BlackElo "1440"]
[PlyCount "86"]
[EventDate "2010.01.15"]
[EventType "swiss"]
[EventRounds "5"]
[EventCountry "ITA"]
[SourceTitle "EXT 2024"]
[Source "ChessBase"]
[SourceDate "2023.10.10"]
[SourceVersion "1"]
[SourceVersionDate "2023.10.10"]
[SourceQuality "1"]

1. e4 e6 2. d4 d5 3. e5 Bd7 4. Nf3 c5 5. c3 Nc6 6. a3 Rc8 7. Bd3 cxd4 8. cxd4 Qb6 9. Bc2 Nge7 10. Nc3 a6 11. 0-0 Ng6 12. h4 Be7 13. g3 Qd8 14. h5 Nf8 15. Nh2 Qc7 16. Ng4 Qd8 17. Re1 Bg5 18. h6 g6 19. Nf6+ Bxf6 20. exf6 Qb6 21. Nxd5 Qxd4 22. Qxd4 Nxd4 23. Bd1 Nc2 24. Bxc2 Rxc2 25. b4 Bb5 26. Bf4 Nd7 27. Bd6 Ba4 28. Be7 exd5 29. Rad1 Re2 30. Rxe2 Bxd1 31. Re3 Ba4 32. Bd6+ Kd8 33. Re7 d4 34. Rxf7 d3 35. Bf4 Re8 36. Rxh7 Nxf6 37. Rxb7 Re1+ 38. Kh2 Bc6 39. Rb8+ Kd7 40. g4 Nxg4+ 41. Kg3 Rg1+ 42. Kh4 Nxh6 43. Bxh6 Rh1+ 0-1

[Event "Campobasso op 16th"]
[Site "Campobasso"]
[Date "2009.07.26"]
[Round "6"]
[White "Chicco, Giancarlo"]
[Black "Fagnani, Alessandro"]
[Result "0-1"]
[WhiteElo "1493"]
[BlackElo "1852"]
[PlyCount "38"]
[EventDate "2009.07.24"]
[EventType "swiss"]
[EventRounds "6"]
[EventCountry "ITA"]
[SourceTitle "EXT 2012"]
[Source "ChessBase"]
[SourceDate "2011.11.24"]
[SourceVersion "1"]
[SourceVersionDate "2011.11.24"]
[SourceQuality "1"]

1. b3 e5 2. Bb2 Nc6 3. g3 d5 4. Bg2 f5 5. e3 Nf6 6. d3 Bd6 7. Ne2 Be6 8. Nd2 Qd7 9. a3 0-0 10. 0-0 f4 11. exf4 exf4 12. Nf3 Bh3 13. Qd2 Nh5 14. b4 Qg4 15. Bxh3 Qxh3 16. Ne1 fxg3 17. Nxg3 Bxg3 18. hxg3 Nxg3 19. fxg3 Rxf1# 0-1

[Event "Campobasso op 14th"]
[Site "Campobasso"]
[Date "2007.07.21"]
[Round "4"]
[White "Castellano, Alfonso"]
[Black "Fagnani, Alessandro"]
[Result "1-0"]
[WhiteElo "1903"]
[BlackElo "1860"]
[PlyCount "57"]
[EventDate "2007.07.20"]
[EventType "swiss"]
[EventRounds "6"]
[EventCountry "ITA"]
[SourceTitle "EXT 2009"]
[Source "ChessBase"]
[SourceDate "2008.11.26"]
[SourceVersion "1"]
[SourceVersionDate "2008.11.26"]
[SourceQuality "1"]

1. c4 e5 2. Nc3 Nf6 3. g3 Bc5 4. Bg2 Nc6 5. e3 d6 6. Nge2 0-0 7. 0-0 Re8 8. d4 exd4 9. exd4 Bb6 10. h3 Bf5 11. Be3 Ne4 12. a3 Nxc3 13. Nxc3 Qf6 14. b4 Bxd4 15. Nd5 Qe5 16. Bxd4 Nxd4 17. Nxc7 Bc2 18. Qd2 Ba4 19. Rae1 Qf6 20. Nxa8 Rxa8 21. b5 Nxb5 22. Qb4 Nc3 23. Re3 Nd1 24. Rf3 Qe6 25. Qxa4 Nb2 26. Qb4 Nxc4 27. Re1 Ne5 28. Rfe3 Rb8 29. f4 1-0

[Event "ITA-ch U10"]
[Site "San Nicola Arcella"]
[Date "2004.07.09"]
[Round "8"]
[White "Fagnani, Alessandro"]
[Black "Visentin, Lorenzo"]
[Result "0-1"]
[WhiteElo "1470"]
[BlackElo "1748"]
[PlyCount "58"]
[EventDate "2004.07.04"]
[EventType "swiss"]
[EventRounds "8"]
[EventCountry "ITA"]
[SourceTitle "EXT 2024"]
[Source "ChessBase"]
[SourceDate "2023.10.10"]
[SourceVersion "1"]
[SourceVersionDate "2023.10.10"]
[SourceQuality "1"]

1. e4 c5 2. Nf3 d6 3. d4 cxd4 4. Nxd4 Nf6 5. Nc3 a6 6. Bc4 e6 7. Bg5 Be7 8. Qe2 b5 9. Bb3 h6 10. Bh4 Nbd7 11. Nc6 Qc7 12. Nxe7 Kxe7 13. 0-0 Re8 14. f4 Kf8 15. f5 Kg8 16. fxe6 fxe6 17. Qf3 b4 18. Nb1 Ne5 19. Qg3 Nxe4 20. Qf4 Nc5 21. Nd2 Nxb3 22. cxb3 Bb7 23. Nc4 Nxc4 24. bxc4 g5 25. Qg4 Qg7 26. Bg3 Qxb2 27. Bxd6 Rad8 28. Rf2 Qxa1+ 29. Rf1 Qb2 0-1